ბათუმის შოთა რუსთაველის სახელმწიფო უნივერსიტეტის ბიბლიოთეკა

ინტელექტუალური საკუთრების სამართალი : (ბიბ.ჩანაწერი № 40583)

000 -ლიდერი
ფიქსირებული სიგრძის საკონტროლო ველი 01240nam a2200253Ia 4500
001 - საკონტროლო ნომერი
საკონტროლო ველი 7208
003 - საკონტროლო ნომრის იდენტიფიკატორი
საკონტროლო ველი GE_BSU
005 - ბოლო ოპერაციის თარიღი და დრო
საკონტროლო ველი 20211125113044.0
008 - ფიქსირებული სიგრძის მონაცემთა ელემენტები - ზოგადი ინფორმაცია
ფიქსირებული სიგრძის საკონტროლო ველი 181216s||||||||xx |||||||||||||| ||und||
020 ## - წიგნის საერთაშორისო სტანდარტული ნომერი
International Standard Book Number 9994059041
040 ## - კატალოგიზაციის წყარო
Transcribing agency GE_BSU
080 ## - უნივერსალური ათობითი კლასიფიკაციის ინდექსი
Universal Decimal Classification number 347.779
100 ## - მთავარი ჩანაწერი - პიროვნების სახელი
Personal name ძამუკაშვილი,დავით.
9 (RLIN) 13028
245 ## - ცნობა სათაურის შესახებ
Title ინტელექტუალური საკუთრების სამართალი :
Remainder of title [იურიდ. ფაკ. სტუდ. /
Statement of responsibility, etc დავით ძამუკაშვილი; რედ.: სანდრო ჯორბენაძე.
250 ## - გამოცემის ცნობა
Edition statement მე-3 გამოცემა
264 ## - წარმოების, გამოცემის, დისტრიბუციის და სხვა ცნობები
გამოცემის, წარმოების, დისტრიბუციის... ადგილი თბ. :
გამოცემის, წარმოების, დისტრიბუციის... სახელწოდება ინტელექტი,
გამოცემის, წარმოების, დისტრიბუციის... თარიღი 2006.
300 ## - ფიზიკური აღწერა
Extent 552 გვ.:
Other physical details ილ.;
Dimensions 20 სმ;
653 ## - INDEX TERM--UNCONTROLLED
Uncontrolled term ინტელექტუალური საკუთრების სამართალი.
653 ## - INDEX TERM--UNCONTROLLED
Uncontrolled term სამართალი
700 ## - ADDED ENTRY--PERSONAL NAME
Personal name ჯორბენაძე, სანდრო
Relator term რედაქტორი
9 (RLIN) 7936
700 ## - ADDED ENTRY--PERSONAL NAME
Personal name ძამუკაშვილი, იოსებ
Relator term მხატვარი
9 (RLIN) 13029
700 ## - ADDED ENTRY--PERSONAL NAME
Personal name სულაკაური, ზაალ
Relator term მხატვარი
9 (RLIN) 13030
942 ## - ADDED ENTRY ELEMENTS (KOHA)
Koha item type წიგნი
Source of classification or shelving scheme
ეგზემპლარები
ჩამოწერის სტატუსი დაკარგული ეგზემპლარის სტატუსი კლასიფიკაციის წყარო ან თაროზე გაწყობის სქემა დაზიანების სტატუსი არ გაიცემა მუდმივი მდებარეობა (დაცვის ადგილი) ამჟამინდელი ადგილსამყოფელი თაროზე განთავსების ადგილი შეძენის თარიღი ღირებულება, შესყიდვის ნორმალური ფასი სრული შენახვის შიფრი შტრიხკოდი ბოლო ოპერაციის თარიღი ეგზემპლარის მიმდევრობითი ნომერი (კეტერი?) ფასის ძალაში შესვლის თარიღი ეგზემპლარის სახეობა საჯარო შენიშვნა
          ბათუმის შოთა რუსთაველის სახელმწიფო უნივერსიტეტის მთავარი ბიბლიოთეკა ბათუმის შოთა რუსთაველის სახელმწიფო უნივერსიტეტის მთავარი ბიბლიოთეკა წიგნსაცავი 2018-12-17 15.00 347.779 ძ-21 22846 2018-12-17 22846 2018-12-17 წიგნი 15 ლ.
          ბათუმის შოთა რუსთაველის სახელმწიფო უნივერსიტეტის მთავარი ბიბლიოთეკა ბათუმის შოთა რუსთაველის სახელმწიფო უნივერსიტეტის მთავარი ბიბლიოთეკა წიგნსაცავი 2018-12-17 15.00 347.779 ძ-21 22847 2018-12-17 22847 2018-12-17 წიგნი 15 ლ.
          ბათუმის შოთა რუსთაველის სახელმწიფო უნივერსიტეტის მთავარი ბიბლიოთეკა ბათუმის შოთა რუსთაველის სახელმწიფო უნივერსიტეტის მთავარი ბიბლიოთეკა წიგნსაცავი 2018-12-17   347.779 ძ-21 22848 2018-12-17 22848 2018-12-17 წიგნი 15 ლ.
          ბათუმის შოთა რუსთაველის სახელმწიფო უნივერსიტეტის მთავარი ბიბლიოთეკა ბათუმის შოთა რუსთაველის სახელმწიფო უნივერსიტეტის მთავარი ბიბლიოთეკა წიგნსაცავი 2018-12-17 15.00 347.779 ძ-21 40626 2018-12-17 40626 2018-12-17 წიგნი 15 ლ.
          ბათუმის შოთა რუსთაველის სახელმწიფო უნივერსიტეტის მთავარი ბიბლიოთეკა ბათუმის შოთა რუსთაველის სახელმწიფო უნივერსიტეტის მთავარი ბიბლიოთეკა წიგნსაცავი 2018-12-17 15.00 347.779 ძ-21 40627 2018-12-17 40627 2018-12-17 წიგნი 15 ლ.
          ბათუმის შოთა რუსთაველის სახელმწიფო უნივერსიტეტის მთავარი ბიბლიოთეკა ბათუმის შოთა რუსთაველის სახელმწიფო უნივერსიტეტის მთავარი ბიბლიოთეკა წიგნსაცავი 2018-12-17 15.00 347.779 ძ-21 40625 2018-12-17 40625 2018-12-17 წიგნი 15 ლ.
          ბათუმის შოთა რუსთაველის სახელმწიფო უნივერსიტეტის მთავარი ბიბლიოთეკა ბათუმის შოთა რუსთაველის სახელმწიფო უნივერსიტეტის მთავარი ბიბლიოთეკა წიგნსაცავი 2021-11-25 20.00 347.779 ძ-21 1830 2021-11-25 1830 2021-11-25 წიგნი 20 ლ.